000 00945nas a2200289 4500
001 BR2012001162
003 BR-BrBNA
005 20231205120202.0
007 ta
008 230509b bl.|||p| |||| 00| 00por d
040 _aBR-BrBNA
_bpor
_cBiblioteca Nacional de Agricultura
041 _a(Pt)
072 _aF30
100 1 _aOliveira, M. do S.P. de
100 1 _aFarias Neto, J.T. de
245 1 _aCoeficientes de repetibilidade para caracteres de cacho e de produção de frutos em açaizeiros
246 1 _aRepeatability coeficients for characters of raceme and fruits production in euterp palm
650 _aPRODUÇÃO VEGETAL
650 _aAÇAÍ
650 _aSELEÇÃO
650 _aVARIEDADE
650 _aFRUTO
650 _aRENDIMENTO
773 0 _tRevista Científica Rural (Brazil)
_xISSN 1413-8263
_g(Nov 2011), v. 13(1) p. 70-82
_wBR2012001162
909 _a202311
_bLúcia
_c55
_dLúcia Elande
942 _2AGRIS
_n0
_cANA
999 _c217351
_d217351